| 000 | 00917nam a2200253Ia 4500 | ||
|---|---|---|---|
| 003 | OSt | ||
| 005 | 20221005113320.0 | ||
| 006 | a|||||r|||| 00| 0 | ||
| 007 | ta | ||
| 008 | 221004b |||||||| |||| 00| 0 pan d | ||
| 020 |
_a9788130203294 (hbk) _cINR 400.00 |
||
| 024 | _a32905 | ||
| 037 |
_b781, 27/02/2017, H.K. Prakashan _cTextual |
||
| 040 |
_aCRL _cCRL _bpan |
||
| 041 |
_2pan _apan |
||
| 082 | _aNR4443, 153Q5 | ||
| 100 | _aਘੁਗਿਆਣਵੀ, ਨਿੰਦਰ, ਂਚ. | ||
| 245 | 0 | _aਸੰਗੀਤ ਸੰਸਾਰ ਦੀਆਂ ਅਭੱੁਲ ਯਾਦਾਂ | |
| 260 |
_aਪਟਿਆਲਾ _bਪਬਲੀਕੇFਨ ਬਿਊਰੋ ਭਾਰਤ _c2015 |
||
| 300 |
_a163ਪ੍ਰ0 _ccm. |
||
| 650 | _a ਸੰਗੀਤ | ||
| 942 |
_hNR4443, 153Q5 _cTEXL _2cc |
||
| 999 |
_c1027770 _d1027770 |
||